000
00326nam a2200133Ia 4500
008
150301s2015 xx 000 0 und d
082
_a
615.4
_b
H13D
100
_a
P.C DANDIYA
245
_a
TB OF HOSPITAL AND CLINICAL PHARMACY
260
_b
VOLLABH PRAKASHAN
300
_a
280
650
_a
PHARMACEUTICS
942
_2
ddc
_c
BK
_0
1
999
_c
7098
_d
7098